[Event "XV Festival A"]
[Site "Trieste ITA"]
[Date "2013.09.03"]
[Round "5"]
[White "Gleizerov, Evgeny"]
[Black "Trussevich, Sergey"]
[WhiteElo "2567"]
[BlackElo "2328"]
[Result "1-0"]
[PlyCount "139"]
[EventDate "2013.08.31"]

1. d4 d5 2. c4 e6 3. Nf3 c5 4. cxd5 exd5 5. g3 Nc6 6. Bg2 Nf6 7. O-O Be7 8. Nc3
O-O 9. Bf4 cxd4 10. Nxd4 Be6 11. Nxe6 fxe6 12. Bh3 e5 13. Bg5 d4 14. Bxf6 gxf6
15. Qb3+ Kh8 16. Nb1 Qb6 17. Qc2 d3 18. Qxd3 Qxb2 19. Nc3 Rad8 20. Nd5 Nb4 21.
Qc3 Qxc3 22. Nxc3 Rd2 23. e3 Rfd8 24. Bf5 b6 25. Ne4 R2d5 26. Rfc1 Na6 27. Rc6
Kg7 28. Kg2 h6 29. g4 Nc5 30. Rc7 Kf8 31. Rxa7 Nxe4 32. Bxe4 R5d7 33. Rxd7 Rxd7
34. Rc1 Bc5 35. a4 Rd2 36. Kf3 Ra2 37. Bc6 Ke7 38. Rd1 Bd6 39. h4 Rc2 40. Bd5
Rb2 41. Rc1 Bc5 42. Ra1 Bb4 43. Be4 Bd2 44. Rd1 Kf8 45. Bc6 Ke7 46. Ke4 Kf7 47.
Kf5 Rc2 48. Bd5+ Kg7 49. Be4 Rb2 50. Ke6 Ra2 51. h5 Rb2 52. Bb1 b5 53. axb5
Rxb5 54. Rxd2 Rxb1 55. Rd7+ Kg8 56. Kxf6 e4 57. Re7 Rb2 58. Rxe4 Rxf2+ 59. Kg6
Rf8 60. Kxh6 Rf6+ 61. Kg5 Ra6 62. Kf5 Ra5+ 63. Re5 Ra1 64. g5 Rf1+ 65. Kg6 Rf8
66. Kh6 Ra8 67. g6 Rd8 68. e4 Ra8 69. Rd5 Rd8 70. Rxd8# 1-0

[Event "XV Festival A"]
[Site "Trieste ITA"]
[Date "2013.09.03"]
[Round "5"]
[White "Ioffe, Evgeny"]
[Black "Scholzen, Wolfgang"]
[WhiteElo "2029"]
[BlackElo "2138"]
[Result "0-1"]
[PlyCount "102"]
[EventDate "2013.08.31"]

1. e4 e6 2. d4 d5 3. Nd2 Nf6 4. e5 Nfd7 5. c3 c5 6. Bd3 cxd4 7. cxd4 Nc6 8. Ne2
f6 9. exf6 Nxf6 10. Nf3 Bd6 11. O-O O-O 12. Bg5 e5 13. dxe5 Nxe5 14. Nxe5 Bxe5
15. Nc3 Qd6 16. h3 Qb4 17. Bxf6 Bxf6 18. Nxd5 Qxb2 19. Qh5 g6 20. Bxg6 hxg6 21.
Qxg6+ Kh8 22. Qh6+ Kg8 23. Qg6+ Kh8 24. Rab1 Qe5 25. Rb5 Bf5 26. Qh6+ Bh7 27.
Rxb7 Bg7 28. Qc6 Rac8 29. Qb5 a6 30. Qb3 Bc2 31. Ne7 Bxb3 32. Ng6+ Kg8 33. Nxe5
Bxa2 34. Ng6 Rb8 35. Ra7 Ra8 36. Rc7 Rf6 37. Ne7+ Kf8 38. Rfc1 a5 39. g4 a4 40.
g5 Re6 41. Nf5 Be5 42. Rc8+ Rxc8 43. Rxc8+ Re8 44. Rc5 Bb1 45. Ra5 Bxf5 46.
Rxa4 Bxh3 47. f4 Bc7 48. Kf2 Bf5 49. Ra6 Re6 50. Ra8+ Kg7 51. Ra7 Rc6 0-1

[Event "XV Festival A"]
[Site "Trieste ITA"]
[Date "2013.09.03"]
[Round "5"]
[White "Ivanovic, Andrej"]
[Black "Armstrong, Malcolm J."]
[WhiteElo "2143"]
[BlackElo "2014"]
[Result "0-1"]
[PlyCount "120"]
[EventDate "2013.08.31"]

1. d4 e6 2. c4 Bb4+ 3. Nc3 Nf6 4. Qc2 O-O 5. a3 Bxc3+ 6. Qxc3 d5 7. cxd5 exd5
8. Bg5 Qd6 9. Bxf6 Qxf6 10. e3 c6 11. Bd3 Bf5 12. Bxf5 Qxf5 13. Nf3 Na6 14. O-O
Rfe8 15. Rfc1 f6 16. b4 Nc7 17. a4 a6 18. Ne1 h5 19. Qc2 Qxc2 20. Rxc2 Kf7 21.
Nd3 Re7 22. h4 Ne8 23. Nf4 g6 24. Rb1 Nd6 25. Rb3 Rd8 26. g3 Rdd7 27. Kf1 Re8
28. Ke2 Nf5 29. Kd3 Nd6 30. Ne2 g5 31. hxg5 fxg5 32. Ng1 Kf6 33. Nf3 Rh7 34.
Rb1 h4 35. gxh4 gxh4 36. Rh1 Reh8 37. Ne5 Rg8 38. f3 Rg3 39. Rch2 h3 40. Ke2
Rg2+ 41. Rxg2 hxg2 42. Ng4+ Ke6 43. Rg1 Rh1 44. Kf2 Rxg1 45. Kxg1 a5 46. bxa5
Nc4 47. Kxg2 Nxa5 48. Kf2 Nc4 49. Ne5 Nxe5 50. dxe5 Kxe5 51. a5 c5 52. Ke2 Kd6
53. Kd3 Ke6 54. Kc3 Kd6 55. Kb3 Ke6 56. Ka4 Ke5 57. Kb3 Ke6 58. f4 Kf5 59. Kc3
Ke4 60. Kc2 d4 0-1

[Event "XV Festival A"]
[Site "Trieste ITA"]
[Date "2013.09.03"]
[Round "5"]
[White "Kuljasevic, Davorin"]
[Black "Tratar, Marko"]
[WhiteElo "2577"]
[BlackElo "2503"]
[Result "1-0"]
[PlyCount "63"]
[EventDate "2013.08.31"]

1. Nf3 Nf6 2. d4 e6 3. c4 Bb4+ 4. Bd2 c5 5. Bxb4 cxb4 6. g3 O-O 7. Bg2 d6 8.
O-O Re8 9. a3 bxa3 10. Rxa3 Qc7 11. b3 Nc6 12. Nc3 Bd7 13. Nb5 Qb8 14. c5 dxc5
15. dxc5 Rd8 16. Qb1 Ne5 17. Nd6 Nxf3+ 18. Bxf3 Bc6 19. Bxc6 bxc6 20. b4 Ne8
21. Nc4 Nc7 22. e3 Nb5 23. Rd3 Rd5 24. Rfd1 h6 25. Kg2 Qd8 26. Qc2 Qf6 27. e4
Rd4 28. Rxd4 Nxd4 29. Qd3 Nb5 30. e5 Qe7 31. Qd7 Kf8 32. Qxc6 1-0

[Event "XV Festival A"]
[Site "Trieste ITA"]
[Date "2013.09.03"]
[Round "5"]
[White "Linder, Oliver"]
[Black "Mocchi, Tullio"]
[WhiteElo "1983"]
[BlackElo "2245"]
[Result "0-1"]
[PlyCount "98"]
[EventDate "2013.08.31"]

1. d4 Nf6 2. Bf4 d6 3. e3 g6 4. Be2 Bg7 5. Nf3 O-O 6. h3 Nbd7 7. O-O Qe8 8. c4
e5 9. Bh2 Qe7 10. Nc3 a6 11. Qc2 Re8 12. Rad1 e4 13. Nd2 b6 14. b4 Bb7 15. Nb3
h6 16. c5 Nd5 17. Nxd5 Bxd5 18. cxd6 cxd6 19. Rc1 Ra7 20. Qb2 Nf6 21. Rc2 g5
22. Rfc1 Qd7 23. Bc4 Ba8 24. Be2 Nd5 25. Nd2 b5 26. Nf1 f5 27. Qb3 Kh8 28. Ng3
Kh7 29. Nf1 Rf8 30. Ra1 Nb6 31. Rac1 Bd5 32. Qc3 Qe7 33. Qd2 Nc4 34. Bxc4 Bxc4
35. Qe1 Qe6 36. a3 d5 37. Nd2 Re7 38. Nxc4 bxc4 39. Qe2 Qg6 40. Rb1 f4 41. a4
Ref7 42. b5 axb5 43. axb5 Rb8 44. h4 f3 45. Qe1 Rb6 46. h5 Qxh5 47. Qa5 Qg4 48.
Bg3 Rfb7 49. Qa8 h5 0-1

[Event "XV Festival A"]
[Site "Trieste ITA"]
[Date "2013.09.03"]
[Round "5"]
[White "Plenca, Jadranko"]
[Black "Mazi, Leon"]
[WhiteElo "2138"]
[BlackElo "2368"]
[Result "0-1"]
[PlyCount "56"]
[EventDate "2013.08.31"]

1. e4 c5 2. Nf3 d6 3. c3 Nf6 4. h3 e6 5. Bd3 Be7 6. Bc2 O-O 7. O-O Nc6 8. Re1
b6 9. d4 cxd4 10. Nxd4 Bb7 11. f4 Qc7 12. Nf3 Rfd8 13. Be3 Rac8 14. Nbd2 e5 15.
Qe2 Re8 16. Qf2 exf4 17. Bxf4 Ne5 18. Rad1 Bf8 19. Nd4 a6 20. Kh1 Nfd7 21. Nf1
Nc5 22. Ng3 Ng6 23. Bc1 d5 24. exd5 Bxd5 25. Rxe8 Rxe8 26. Nf3 Bxa2 27. b4 Bb3
28. Nf5 Ne4 0-1

[Event "XV Festival A"]
[Site "Trieste ITA"]
[Date "2013.09.03"]
[Round "5"]
[White "Pregarac, Valter"]
[Black "Matijevic, Filip"]
[WhiteElo "2135"]
[BlackElo "2136"]
[Result "1/2-1/2"]
[PlyCount "41"]
[EventDate "2013.08.31"]

1. Nf3 Nf6 2. c4 g6 3. Nc3 d5 4. Qa4+ c6 5. cxd5 Nxd5 6. e4 Nb6 7. Qc2 Bg7 8.
h3 O-O 9. d3 Na6 10. Be2 e5 11. Be3 Nc7 12. a4 Ne6 13. Nb1 a5 14. Na3 Re8 15.
O-O Nd4 16. Nxd4 exd4 17. Bd2 Be6 18. b3 f5 19. Bf3 fxe4 20. Bxe4 Bd5 21. Bxd5+
1/2-1/2

[Event "XV Festival A"]
[Site "Trieste ITA"]
[Date "2013.09.03"]
[Round "5"]
[White "Sirnik, Bostjan"]
[Black "Janzelj, Tim"]
[WhiteElo "2211"]
[BlackElo "2242"]
[Result "0-1"]
[PlyCount "88"]
[EventDate "2013.08.31"]

1. d4 Nf6 2. Nf3 e6 3. Bf4 b6 4. e3 Be7 5. h3 Bb7 6. Bd3 d6 7. Nbd2 Nbd7 8. e4
h6 9. Qe2 c5 10. c3 cxd4 11. cxd4 Rc8 12. a3 Qc7 13. O-O e5 14. Bh2 O-O 15.
Rfe1 Rfe8 16. Rad1 Bf8 17. dxe5 Nxe5 18. Bb5 Nxf3+ 19. Qxf3 Re6 20. Bc4 Bxe4
21. Rxe4 Nxe4 22. Bxe6 Nxd2 23. Rxd2 fxe6 24. Bf4 e5 25. Be3 Qf7 26. Qe4 Rc4
27. Qd3 e4 28. Qe2 d5 29. Rd1 Bc5 30. b4 Bxe3 31. Qxe3 Qf5 32. Qe2 Kh7 33. Qd2
d4 34. a4 d3 35. f3 exf3 36. Qxd3 Qxd3 37. Rxd3 Rxb4 38. a5 fxg2 39. Kxg2 bxa5
40. Rd7 Rb2+ 41. Kg3 a4 42. Rxa7 Rb3+ 43. Kg4 Ra3 44. h4 Ra1 0-1

[Event "XV Festival A"]
[Site "Trieste ITA"]
[Date "2013.09.03"]
[Round "5"]
[White "Solomon, Kenny"]
[Black "Kolesar, Milan"]
[WhiteElo "2372"]
[BlackElo "2141"]
[Result "1-0"]
[PlyCount "97"]
[EventDate "2013.08.31"]

1. Nf3 Nf6 2. c4 c6 3. Nc3 d5 4. e3 Bf5 5. cxd5 Nxd5 6. Qb3 Nxc3 7. bxc3 Qb6 8.
Qa4 Nd7 9. d4 e6 10. Nh4 Be4 11. f3 Be7 12. fxe4 Bxh4+ 13. g3 Be7 14. e5 O-O
15. Bd3 Rfd8 16. Qc2 g6 17. O-O Bg5 18. h4 Bh6 19. h5 Nf8 20. Qh2 Bg7 21. Qf2
Qc7 22. hxg6 hxg6 23. Be4 Rd7 24. Rb1 Qd8 25. Bg2 Rc8 26. Ba3 Qg5 27. Qf4 Bh6
28. Bf3 Kh7 29. Rb2 Qxf4 30. exf4 Kg8 31. Rfb1 b6 32. Be4 Nh7 33. Rh2 Bf8 34.
Bc1 c5 35. Be3 cxd4 36. cxd4 Rdc7 37. Kf2 Ba3 38. Rbh1 Nf8 39. g4 Bc1 40. f5
Bxe3+ 41. Kxe3 Rc3+ 42. Kf4 gxf5 43. gxf5 exf5 44. Bxf5 R8c6 45. Rg1+ Ng6+ 46.
Bxg6 fxg6 47. Rgh1 Kf7 48. Rh7+ Ke6 49. Ke4 1-0

[Event "XV Festival A"]
[Site "Trieste ITA"]
[Date "2013.09.03"]
[Round "5"]
[White "Srebrnic, Vojko"]
[Black "Jovanic, Ognjen"]
[WhiteElo "2202"]
[BlackElo "2519"]
[Result "0-1"]
[PlyCount "62"]
[EventDate "2013.08.31"]

1. e4 c5 2. Nf3 Nc6 3. Bb5 g6 4. Bxc6 bxc6 5. d3 Bg7 6. O-O d6 7. Nc3 Rb8 8.
Qe2 Nh6 9. Nd1 O-O 10. Bd2 e5 11. Ne1 f5 12. f3 d5 13. Be3 Qd6 14. h3 Be6 15.
c4 d4 16. Bc1 a5 17. Nf2 Nf7 18. g4 Qe7 19. Ng2 f4 20. Qe1 Bf6 21. Qxa5 h5 22.
Qd2 Kg7 23. gxh5 Rh8 24. Ng4 Rxh5 25. Kf2 Rxh3 26. Nxf6 Qxf6 27. Ke2 Rh2 28.
Rf2 Qg5 29. Ne1 Rxf2+ 30. Kxf2 Rh8 31. Ng2 Rh1 0-1

[Event "XV Festival A"]
[Site "Trieste ITA"]
[Date "2013.09.03"]
[Round "5"]
[White "Tomazini, Zan"]
[Black "Ulibin, Mikhail"]
[WhiteElo "2302"]
[BlackElo "2553"]
[Result "0-1"]
[PlyCount "72"]
[EventDate "2013.08.31"]

1. e4 c5 2. Nf3 e6 3. d4 cxd4 4. Nxd4 Nf6 5. Nc3 d6 6. Bc4 Be7 7. Bb3 Nc6 8.
Be3 O-O 9. Qe2 a6 10. Rg1 Nxd4 11. Bxd4 b5 12. g4 b4 13. g5 bxc3 14. gxf6 Bxf6
15. bxc3 e5 16. Be3 Be6 17. Rd1 Qc7 18. Rd3 Kh8 19. h4 Bc4 20. Bxc4 Qxc4 21.
Qg4 d5 22. exd5 e4 23. Bd4 Bxd4 24. cxd4 g6 25. Re3 Rab8 26. Qd1 Qxa2 27. Rb3
Rxb3 28. cxb3 Qa5+ 29. Kf1 Qxd5 30. Rg5 f5 31. h5 Kg7 32. Qd2 Rd8 33. Qf4 Rd6
34. Rg3 Qxd4 35. Qxf5 Rf6 36. h6+ Kf7 0-1

[Event "XV Festival A"]
[Site "Trieste ITA"]
[Date "2013.09.03"]
[Round "5"]
[White "Tonel, Giulia"]
[Black "Ashiku, Franc"]
[WhiteElo "1973"]
[BlackElo "2241"]
[Result "0-1"]
[PlyCount "66"]
[EventDate "2013.08.31"]

1. c4 c5 2. Nc3 Nc6 3. g3 g6 4. Bg2 Bg7 5. Nf3 d6 6. d3 Qd7 7. Rb1 Bxc3+ 8.
bxc3 f5 9. d4 b6 10. O-O Nf6 11. Qa4 Na5 12. Qb5 Ne4 13. Nd2 Nxd2 14. Bxd2 Bb7
15. Rfd1 Bxg2 16. Kxg2 Rc8 17. Rbc1 Rc7 18. Be3 cxd4 19. cxd4 Nxc4 20. Qa6
Nxe3+ 21. fxe3 O-O 22. Rc4 Rxc4 23. Qxc4+ d5 24. Qa6 Rc8 25. Rd3 Rc1 26. Ra3
Qe6 27. Qd3 a5 28. Rb3 Kf7 29. a3 h5 30. Kf2 f4 31. exf4 Qh3 32. Rxb6 Qf1+ 33.
Ke3 Qg1+ 0-1

[Event "XV Festival A"]
[Site "Trieste ITA"]
[Date "2013.09.03"]
[Round "5"]
[White "Zuttioni, Federico"]
[Black "Ioffe, Ilya"]
[WhiteElo "2068"]
[BlackElo "1979"]
[Result "1/2-1/2"]
[PlyCount "67"]
[EventDate "2013.08.31"]

1. e4 e5 2. Nf3 Nc6 3. Bb5 a6 4. Ba4 Nf6 5. O-O Be7 6. Re1 b5 7. Bb3 O-O 8. d3
d6 9. c3 Na5 10. Bc2 c5 11. Nbd2 Nc6 12. a4 b4 13. Nc4 Be6 14. Ne3 Qc7 15. d4
cxd4 16. cxd4 Nxd4 17. Nxd4 exd4 18. Qxd4 Ng4 19. Nxg4 Qxc2 20. Nh6+ Kh8 21.
Nf5 Bf6 22. Qxb4 Bxf5 23. exf5 Rfe8 24. Rf1 d5 25. Be3 Qxf5 26. Rad1 Rab8 27.
Qa5 Rxb2 28. Rxd5 Qe4 29. Rfd1 Rb4 30. Qxa6 Rxa4 31. Qb7 Qg6 32. Rd7 Kg8 33.
Qc6 Rae4 34. h3 1/2-1/2

[Event "XV Festival A"]
[Site "Trieste ITA"]
[Date "2013.09.04"]
[Round "6"]
[White "Ashiku, Franc"]
[Black "Solomon, Kenny"]
[WhiteElo "2241"]
[BlackElo "2372"]
[Result "1-0"]
[PlyCount "93"]
[EventDate "2013.08.31"]

1. e4 e5 2. Nf3 Nc6 3. d4 exd4 4. Nxd4 Bc5 5. Be3 Qf6 6. c3 Nge7 7. Bc4 O-O 8.
O-O b6 9. Qd2 Qg6 10. Nxc6 Qxc6 11. Bxc5 Qxc5 12. Na3 Bb7 13. Qxd7 Rad8 14. Qb5
Qd6 15. Qg5 Ng6 16. f3 Ne5 17. Qe3 a6 18. Rf2 Kh8 19. Bb3 b5 20. Rd1 Qf6 21.
Rxd8 Rxd8 22. Qc5 Qd6 23. Qxd6 Rxd6 24. f4 Nd3 25. e5 Rd7 26. Rd2 Be4 27. Bc2
c5 28. Bxd3 Rxd3 29. Nb1 c4 30. Rxd3 Bxd3 31. Nd2 f6 32. exf6 gxf6 33. Kf2 Kg7
34. Ke3 Kg6 35. Ne4 Kf5 36. Nc5 Bb1 37. Nxa6 Bxa2 38. Nc7 Bb1 39. Nxb5 Bd3 40.
Nd4+ Kg4 41. b4 f5 42. Nf3 Be4 43. b5 h5 44. b6 Bb7 45. Ne5+ Kh4 46. Kf2 Bxg2
47. Nf3+ 1-0

[Event "XV Festival A"]
[Site "Trieste ITA"]
[Date "2013.09.04"]
[Round "6"]
[White "Basso, Pier Luigi"]
[Black "Visintin, Roberto"]
[WhiteElo "2208"]
[BlackElo "2098"]
[Result "1-0"]
[PlyCount "45"]
[EventDate "2013.08.31"]

1. d4 Nf6 2. c4 e6 3. Nf3 d5 4. Nc3 c5 5. cxd5 Nxd5 6. e4 Nxc3 7. bxc3 cxd4 8.
cxd4 Bb4+ 9. Bd2 Bxd2+ 10. Qxd2 O-O 11. Bc4 Qe7 12. O-O Rd8 13. Qf4 Nc6 14. e5
Qb4 15. Rac1 b5 16. Bd3 Nxd4 17. Bxh7+ Kf8 18. Kh1 Nc6 19. Be4 Ne7 20. Qh4 Rb8
21. Qh8+ Ng8 22. Bh7 Qg4 23. h3 1-0

[Event "XV Festival A"]
[Site "Trieste ITA"]
[Date "2013.09.04"]
[Round "6"]
[White "Chetverik, Maxim"]
[Black "Suc, Timothy"]
[WhiteElo "2260"]
[BlackElo "2130"]
[Result "1/2-1/2"]
[PlyCount "241"]
[EventDate "2013.08.31"]

1. d4 d5 2. c4 e6 3. Nf3 c5 4. cxd5 exd5 5. g3 Nc6 6. Bg2 Nf6 7. O-O Be7 8. Be3
c4 9. Ne5 O-O 10. b3 cxb3 11. Qxb3 Bd6 12. f4 Na5 13. Qd3 g6 14. f5 Nc6 15.
Nxc6 bxc6 16. fxg6 fxg6 17. Bg5 Be7 18. Nd2 Bf5 19. Rxf5 gxf5 20. Qxf5 Qc8 21.
Qe5 Qd7 22. Bh6 Rf7 23. h3 Bd6 24. Qg5+ Kh8 25. g4 Rg8 26. Qh4 Qc7 27. Nf1 Qe7
28. Ne3 Ne4 29. Qxe7 Bxe7 30. Rf1 Rxf1+ 31. Kxf1 Nd6 32. Bf3 Bf6 33. Bf4 Nb5
34. Nf5 Nxd4 35. g5 Ne6 36. gxf6 Nxf4 37. Ne7 Rf8 38. Nxc6 a6 39. h4 Rxf6 40.
Nd4 Rb6 41. e3 Ne6 42. Nb3 Rb5 43. Kf2 Kg7 44. Be2 Rb6 45. Bf3 Nc7 46. Ke2 Rb4
47. h5 Ra4 48. Nc1 Ra3 49. Kd2 Kf6 50. Bd1 Kg5 51. Bc2 h6 52. Bg6 Kg4 53. Ke2
Nb5 54. Kd2 Nc3 55. Kc2 Ne4 56. Nd3 Rxa2+ 57. Kb3 Re2 58. Ne5+ Kh4 59. Nf7
Rxe3+ 60. Kb4 Ng3 61. Nxh6 Kg5 62. Nf7+ Kf6 63. Nd6 Re5 64. Ne8+ Kg5 65. Nc7
Nxh5 66. Bxh5 Re4+ 67. Kb3 Kxh5 68. Nxd5 Kg5 69. Nb4 a5 70. Nc6 a4+ 71. Ka3 Kf5
72. Nb4 Ke5 73. Kxa4 Kd4 74. Kb5 Re5+ 75. Kb6 Kc4 76. Nc6 Re6 77. Kc7 Kc5 78.
Nb8 Re7+ 79. Nd7+ Kd5 80. Kd8 Kd6 81. Nf8 Rf7 82. Ke8 Rf6 83. Nh7 Rg6 84. Kf7
Rg2 85. Nf6 Rf2 86. Kg6 Ke6 87. Nh7 Rg2+ 88. Ng5+ Ke5 89. Kh5 Kf4 90. Nh3+ Kf5
91. Kh4 Rg7 92. Nf2 Rg8 93. Nh3 Rg4+ 94. Kh5 Rc4 95. Ng5 Rc3 96. Kh4 Rc4+ 97.
Kh5 Rc2 98. Kh4 Rg2 99. Nh3 Rg4+ 100. Kh5 Rg8 101. Kh4 Rg7 102. Nf2 Kf4 103.
Nh3+ Ke4 104. Ng5+ Kf5 105. Nh3 Rg4+ 106. Kh5 Rd4 107. Ng5 Rd1 108. Nh3 Rd8
109. Kh4 Rg8 110. Nf2 Rg2 111. Nh3 Rg4+ 112. Kh5 Rd4 113. Ng5 Kf6 114. Nh7+ Kf5
115. Ng5 Rd6 116. Nh3 Rd4 117. Ng5 Rg4 118. Nh3 Rg3 119. Kh4 Rg4+ 120. Kh5 Rh4+
121. Kxh4 1/2-1/2

[Event "XV Festival A"]
[Site "Trieste ITA"]
[Date "2013.09.04"]
[Round "6"]
[White "Cretnik, Urban"]
[Black "Srebrnic, Vojko"]
[WhiteElo "1924"]
[BlackElo "2202"]
[Result "0-1"]
[PlyCount "186"]
[EventDate "2013.08.31"]

1. e4 g6 2. d4 Bg7 3. Nf3 c5 4. c3 cxd4 5. cxd4 d5 6. e5 Nc6 7. Bb5 Bd7 8. Nc3
e6 9. O-O f6 10. Re1 f5 11. Ng5 h6 12. Bxc6 bxc6 13. Nf3 Ne7 14. h4 Nc8 15. b3
Bf8 16. Be3 Nb6 17. Rc1 Kf7 18. g3 Be7 19. Qd2 Qf8 20. Qd1 Qg7 21. Qd2 Rag8 22.
Kf1 g5 23. hxg5 hxg5 24. Ke2 Rh5 25. Kd3 Qg6 26. Ke2 Bc8 27. Qd3 Rh3 28. Rh1
Rgh8 29. Rxh3 Rxh3 30. Kd2 f4 31. Nxg5+ Bxg5 32. Qxg6+ Kxg6 33. gxf4 Be7 34.
Ne2 Bd7 35. Rg1+ Kf7 36. Kc3 Bc8 37. Kd2 Bb4+ 38. Kd1 Ba6 39. Ng3 Bd3 40. Bd2
Be7 41. Ba5 c5 42. Kd2 c4 43. bxc4 Bxc4 44. f5 exf5 45. Nxf5 Bf8 46. Ne3 Bh6
47. Bxb6 axb6 48. Rb1 b5 49. a4 bxa4 50. Rb7+ Ke6 51. Ra7 Bxe3+ 52. fxe3 Rh2+
53. Kc3 Re2 54. Rxa4 Rxe3+ 55. Kb4 Rb3+ 56. Kc5 Rb8 57. Kc6 Rc8+ 58. Kb7 Rh8
59. Kc6 Rh3 60. Ra5 Bf1 61. Ra1 Rc3+ 62. Kb6 Bh3 63. Rh1 Ke7 64. Rh2 Be6 65.
Rh7+ Bf7 66. Rh4 Rc4 67. Rf4 Bg6 68. Kb5 Be8+ 69. Kb6 Rc6+ 70. Kb7 Rh6 71. Kc7
Bd7 72. Kb7 Rg6 73. Rf2 Rg4 74. Rd2 Ke6 75. Kb6 Rg1 76. Rf2 Rb1+ 77. Kc7 Rc1+
78. Kb6 Rc6+ 79. Ka5 Rc4 80. Rf4 Ke7 81. Kb6 Rc6+ 82. Ka5 Rg6 83. Rf2 Rg4 84.
Rd2 Bf5 85. Kb5 Ke6 86. Kc5 Rg3 87. Rf2 Rc3+ 88. Kb5 Bd3+ 89. Kb6 Rc4 90. Rf6+
Ke7 91. Rf2 Bg6 92. Rd2 Ke6 93. Rg2 Bd3 0-1

[Event "XV Festival A"]
[Site "Trieste ITA"]
[Date "2013.09.04"]
[Round "6"]
[White "Ioffe, Ilya"]
[Black "Ioffe, Evgeny"]
[WhiteElo "1979"]
[BlackElo "2029"]
[Result "1/2-1/2"]
[PlyCount "27"]
[EventDate "2013.08.31"]

1. e4 e5 2. Nf3 Nc6 3. Bb5 a6 4. Ba4 Nf6 5. O-O Be7 6. d3 b5 7. Bb3 d6 8. c3
O-O 9. Nbd2 Na5 10. Bc2 c5 11. Re1 Nc6 12. Nf1 Re8 13. Ng3 Bf8 14. h3 1/2-1/2

[Event "XV Festival A"]
[Site "Trieste ITA"]
[Date "2013.09.04"]
[Round "6"]
[White "Ivanovic, Andrej"]
[Black "Al Zayat, Ahmed"]
[WhiteElo "2143"]
[BlackElo "2109"]
[Result "1-0"]
[PlyCount "97"]
[EventDate "2013.08.31"]

1. d4 d5 2. c4 c6 3. Nf3 Nf6 4. Qb3 a6 5. Bf4 b5 6. cxb5 cxb5 7. e3 g6 8. Bd3
Bg7 9. O-O O-O 10. Rc1 Bg4 11. Nbd2 Qb6 12. a4 Bxf3 13. gxf3 Nbd7 14. axb5 e5
15. Bxe5 Nxe5 16. dxe5 Nd7 17. Rc6 Qb7 18. f4 axb5 19. Rxa8 Qxa8 20. Qxd5 Nb8
21. Rd6 Qa1+ 22. Kg2 Qxb2 23. Bxb5 g5 24. Nc4 Qe2 25. Qf3 Qxf3+ 26. Kxf3 gxf4
27. Kxf4 Rc8 28. Nb6 Rc5 29. Rd8+ Bf8 30. Rxb8 Rxb5 31. Nd7 Rxb8 32. Nxb8 Bb4
33. Nd7 Be1 34. f3 Bd2 35. Nf6+ Kg7 36. h4 Kg6 37. h5+ Kh6 38. Kf5 Bc1 39. f4
Bd2 40. e4 Bc1 41. Kg4 Bb2 42. Nd7 Ba3 43. Nb6 Bc5 44. Nd5 Kg7 45. Kg5 h6+ 46.
Kf5 Ba3 47. e6 fxe6+ 48. Kxe6 Bb2 49. e5 1-0

[Event "XV Festival A"]
[Site "Trieste ITA"]
[Date "2013.09.04"]
[Round "6"]
[White "Janzelj, Tim"]
[Black "Bruno, Fabio"]
[WhiteElo "2242"]
[BlackElo "2421"]
[Result "1/2-1/2"]
[PlyCount "134"]
[EventDate "2013.08.31"]

1. d4 d5 2. c4 c6 3. Nf3 Nf6 4. Qb3 e6 5. g3 dxc4 6. Qxc4 b5 7. Qc2 Bb7 8. Bg2
Nbd7 9. O-O c5 10. a4 a6 11. Bg5 Rc8 12. axb5 axb5 13. Qb3 Qb6 14. Nc3 Bc6 15.
Bxf6 c4 16. Qc2 Nxf6 17. e4 Bb4 18. d5 Bxc3 19. Qxc3 exd5 20. Qe5+ Kf8 21. Qd6+
Kg8 22. exd5 Ne8 23. Qe5 Bd7 24. Rfe1 Nf6 25. Qe7 Qd8 26. Ng5 Qf8 27. Ra7 h6
28. Qxf8+ Kxf8 29. Ne4 Re8 30. Kf1 Nxe4 31. Rxe4 Rxe4 32. Bxe4 Ke7 33. Bf5 Rd8
34. Rb7 Kd6 35. Bxd7 Rxd7 36. Rxb5 Re7 37. f4 h5 38. Kf2 g6 39. Kf3 f5 40. Kg2
Re2+ 41. Kh3 Rd2 42. Rb8 Rc2 43. Rb5 Re2 44. Kh4 Rxh2+ 45. Kg5 Rh3 46. Kxg6
Rxg3+ 47. Kxf5 h4 48. Ke4 Rb3 49. Ra5 Rxb2 50. Ra6+ Kc5 51. Rc6+ Kb5 52. Rc8
Re2+ 53. Kd4 Rd2+ 54. Kc3 Rd3+ 55. Kc2 h3 56. f5 Rxd5 57. Rh8 Rd3 58. f6 Rf3
59. f7 Rxf7 60. Rxh3 Kb4 61. Rg3 Rf2+ 62. Kc1 Re2 63. Rf3 Rh2 64. Rg3 c3 65.
Rg8 Rh1+ 66. Kc2 Rh2+ 67. Kc1 Rh1+ 1/2-1/2

[Event "XV Festival A"]
[Site "Trieste ITA"]
[Date "2013.09.04"]
[Round "6"]
[White "Kolesar, Milan"]
[Black "Tonel, Giulia"]
[WhiteElo "2141"]
[BlackElo "1973"]
[Result "1-0"]
[PlyCount "155"]
[EventDate "2013.08.31"]

1. Nf3 g6 2. d4 Nf6 3. c4 Bg7 4. g3 d6 5. Bg2 O-O 6. O-O Nbd7 7. Nc3 e5 8. e4
exd4 9. Nxd4 Re8 10. h3 a6 11. Bf4 Nc5 12. Re1 Nfd7 13. b4 Ne6 14. Nxe6 fxe6
15. Rc1 a5 16. a3 axb4 17. axb4 Qe7 18. Nb5 Ne5 19. c5 g5 20. cxd6 cxd6 21.
Bxe5 Bxe5 22. Nc7 Ra2 23. Nxe8 Qxe8 24. Re2 Ra8 25. Rec2 Bd7 26. Qd2 Qd8 27.
Qe3 Qf6 28. Qf3 Qg7 29. Rc7 Rf8 30. Qg4 Bd4 31. R1c2 Rf7 32. Rxb7 h6 33. Rxd7
Rxd7 34. Qxe6+ Qf7 35. Qf5 Be5 36. Bf1 Kg7 37. Qxf7+ Kxf7 38. Bc4+ Kf6 39. Bd5
Bd4 40. Kg2 Ke5 41. Kf3 Rd8 42. Kg4 Rf8 43. f3 h5+ 44. Kxh5 Rxf3 45. Kg4 Ra3
46. b5 Kf6 47. h4 gxh4 48. gxh4 Ra5 49. Bc6 Ra7 50. Rh2 Rg7+ 51. Kf3 Ke5 52. h5
Rf7+ 53. Ke2 Bg1 54. Rh1 Bb6 55. Kd3 Rf3+ 56. Kc2 Kd4 57. h6 Rf2+ 58. Kb1 Rf8
59. h7 Rh8 60. Rh4 Bd8 61. Rh5 Kc4 62. Bd5+ Kxb5 63. Bg8+ Kc6 64. Rd5 Bf6 65.
Kc2 Kd7 66. Kd3 Ke7 67. Ke2 Be5 68. Kf3 Kf8 69. Ra5 Kg7 70. Ra7+ Kg6 71. Kg4
Bd4 72. Re7 Be5 73. Re6+ Kg7 74. Kf5 Bh2 75. Rg6+ Kf8 76. Ke6 Be5 77. Kd7 Bh2
78. Rxd6 1-0

[Event "XV Festival A"]
[Site "Trieste ITA"]
[Date "2013.09.04"]
[Round "6"]
[White "Kuljasevic, Davorin"]
[Black "Postny, Evgeny"]
[WhiteElo "2577"]
[BlackElo "2628"]
[Result "1/2-1/2"]
[PlyCount "51"]
[EventDate "2013.08.31"]

1. Nf3 d5 2. d4 Nf6 3. c4 c6 4. Nc3 dxc4 5. a4 e6 6. e3 c5 7. Bxc4 cxd4 8. exd4
Be7 9. O-O O-O 10. Qe2 Nc6 11. Rd1 Nd5 12. Bd2 Ncb4 13. a5 Bd7 14. Nxd5 Nxd5
15. Ne5 Bc6 16. a6 Nf6 17. Bf4 Bd5 18. b3 bxa6 19. Rxa6 Bb7 20. Nc6 Qd7 21.
Nxe7+ Qxe7 22. Ra5 Qd8 23. Rda1 Qb6 24. Be5 Qc6 25. f3 Nd5 26. Bxd5 1/2-1/2

[Event "XV Festival A"]
[Site "Trieste ITA"]
[Date "2013.09.04"]
[Round "6"]
[White "Mchedlishvili, Mikheil"]
[Black "Bosiocic, Marin"]
[WhiteElo "2633"]
[BlackElo "2563"]
[Result "1/2-1/2"]
[PlyCount "54"]
[EventDate "2013.08.31"]

1. Nf3 Nf6 2. c4 e6 3. d4 c5 4. d5 d6 5. Nc3 exd5 6. cxd5 g6 7. Bf4 a6 8. a4
Bg7 9. h3 O-O 10. e3 Ne8 11. Be2 Nd7 12. O-O h6 13. Nd2 Ne5 14. Bg3 f5 15. Qc2
Rb8 16. a5 Nc7 17. Rab1 g5 18. f4 gxf4 19. Bxf4 b5 20. axb6 Rxb6 21. Bxe5 dxe5
22. e4 f4 23. Nf3 Rg6 24. Kh1 Kh8 25. Na4 Rg8 26. Nxc5 Bf6 27. Rg1 Qe7 1/2-1/2

[Event "XV Festival A"]
[Site "Trieste ITA"]
[Date "2013.09.04"]
[Round "6"]
[White "Milazzo, Mario"]
[Black "Zuttioni, Federico"]
[WhiteElo "2040"]
[BlackElo "2068"]
[Result "1/2-1/2"]
[PlyCount "167"]
[EventDate "2013.08.31"]

1. d4 Nf6 2. c4 c5 3. d5 e6 4. Nc3 exd5 5. cxd5 d6 6. e4 g6 7. Nge2 Bg7 8. Ng3
a6 9. a4 Nbd7 10. Be2 Qe7 11. O-O O-O 12. Re1 b6 13. f4 Rb8 14. Bf1 Ne8 15. Qc2
Nc7 16. Be3 Re8 17. Rad1 Qh4 18. Nh1 b5 19. g3 Qd8 20. axb5 Nxb5 21. Nxb5 axb5
22. Nf2 Qc7 23. Bg2 Bb7 24. Nd3 Rec8 25. Qf2 Ra8 26. e5 Ra2 27. Bc1 Nb6 28. f5
Bxd5 29. Bxd5 Nxd5 30. f6 Bf8 31. e6 fxe6 32. Rxe6 Qf7 33. Rde1 Ra1 34. Qf3 c4
35. Nf4 Rxc1 36. Nxd5 Qxe6 37. Rxc1 Rc5 38. Rd1 Kf7 39. Kg2 Qe5 40. Nc3 Qxf6
41. Qxf6+ Kxf6 42. Ne4+ Ke6 43. Nxc5+ dxc5 44. Kf3 Bg7 45. Rd2 c3 46. bxc3 Bxc3
47. Rd8 b4 48. Ke4 b3 49. Rb8 b2 50. Rb6+ Kf7 51. Rb7+ Kf6 52. Kd3 Bd4 53. h3
Kf5 54. Rf7+ Kg5 55. Kc2 h5 56. Rf4 Be5 57. Rf3 h4 58. g4 Kh6 59. Rf7 Bd4 60.
Rf8 Kg7 61. Rf3 Be5 62. Rf1 Bf6 63. Rf3 Be5 64. Rf1 c4 65. Rf3 c3 66. Kb1 Bf6
67. Kc2 g5 68. Rf5 Kf7 69. Rc5 Ke6 70. Rf5 Ke7 71. Kb1 Kf7 72. Kc2 Ke6 73. Kb1
Bd8 74. Rc5 Bf6 75. Rf5 Be7 76. Kc2 Kd7 77. Kb1 Kc6 78. Kc2 Kd6 79. Rf1 Ke6 80.
Re1+ Kd6 81. Rd1+ Ke6 82. Re1+ Kd6 83. Rd1+ Ke6 84. Re1+ 1/2-1/2